All Black Sea Cities 200k+ - Statistics

General Stats
  • This quiz has been taken 62 times
  • The average score is 9 of 12
Answer Stats
Country City Population % Correct
Turkey Istanbul 14.3 million
98%
Ukraine Odessa 1 million
98%
Ukraine Sevastopol 379k
85%
Russia Sochi 343k
83%
Bulgaria Varna 500k
83%
Romania Constanta 491k
80%
Bulgaria Burgas 223k
72%
Turkey Samsun 535k
70%
Georgia Batumi 204k
69%
Turkey Trabzon 305k
57%
Russia Novorossiysk 241k
50%
Turkey Ordu 217k
26%
No matching quizzes found
Score Distribution
Percent of People with Each Score
Percentile by Number Answered
Your Score History
You have not taken this quiz